Mistrzowie w sezonie 2021/2022 - Statystyki

Ogólne statystyki
  • Ten quiz został rozwiązany 67 razy
    61 od ostatniego zresetowania
  • Średni wynik to 7 z 12
Statystyki odpowiedzi
Liga Mistrz % Poprawnych
Ligue 1 PSG
98%
Bundesliga Bayern Monachium
96%
Premier League Manchester City
96%
LaLiga Real Madryt
96%
Serie A AC Milan
94%
Eredivisie Ajax Amsterdam
91%
Liga Portugal FC Porto
77%
Super Lig Trabzonspor
32%
Premier Liga Zenit Petersburg
15%
Fortuna Liga Viktoria Pilzno
6%
Jupiler Pro League FC Brugge
0%
Super League 1 Olympiakos
0%
Nie znaleziono quizów pasujących do podanych kryteriów
Rozkład punktacji
Procent ludzi z każdym wynikiem
Percentyl według liczby udzielonych odpowiedzi
Twoja historia wyników
Nie rozwiązałeś tego quizu od ostatniego zresetowania